| 000 | 00502nam a2200157 4500 | ||
|---|---|---|---|
| 001 | 121234 | ||
| 003 | ES-MaACL | ||
| 005 | 20230906191721.0 | ||
| 007 | t| | ||
| 008 | 070214s1908 it r ||||1| ita d | ||
| 100 | 1 |
_aPrezzolini, Giuseppe ( _d1882-1982) _993828 |
|
| 245 | 1 | 3 |
_aIl cattolicismo rosso _b: studio sul presente movimento di riforma nel cattolicismo / _cGiuseppe Prezzolini. |
| 260 |
_aNapoli : _bR. Ricciardi, _c1908. |
||
| 300 |
_aXX, 248 p. ; _c19 x 13 cm. |
||
| 852 |
_aES-MaACL _jF-8768 |
||
| 999 |
_c121234 _d121234 |
||